Estado, administración pública, estrategias de desarrollo y proyecto nacional: una aproximación al caso salvadoreño /
Bewaard in:
| Hoofdauteur: | |
|---|---|
| Andere auteurs: | |
| Formaat: | Texto |
| Gepubliceerd in: |
Managua:
Asociación Salvadoreña de Cientistas Sociales
|
| Tags: |
Voeg label toe
Geen labels, Wees de eerste die dit record labelt!
|
MARC
| LEADER | 00000 a a2200000 04500 | ||
|---|---|---|---|
| 001 | 21381 | ||
| 003 | |||
| 040 | |||
| 090 | |a 094000 | ||
| 100 | |a Córdova Macías, Ricardo | ||
| 245 | |a Estado, administración pública, estrategias de desarrollo y proyecto nacional: una aproximación al caso salvadoreño / |c Ricardo Córdova Macías | ||
| 260 | |a Managua: |b Asociación Salvadoreña de Cientistas Sociales | ||
| 300 | |a 64 p. | ||
| 700 | |a Jiménez Cabrera, Edgar | ||
| 999 | |c 713 |d 713 | ||
